Veinte ilustradores españoles (1898-1936) (Record no. 73387)

MARC details
000 -LEADER
campo de control de longitud fija 01278nam a2200289 4500
001 - NÚMERO DE CONTROL
campo de control 73387
003 - IDENTIFICADOR DE NÚMERO DE CONTROL
campo de control ES-MaACL
005 - FECHA Y HORA DE LA ÚLTIMA TRANSACCIÓN
campo de control 20240513205036.0
007 - CAMPO FIJO DE DESCRIPCIÓN FÍSICA--INFORMACIÓN GENERAL
campo de control de longitud fija t|
008 - DATOS DE LONGITUD FIJA--INFORMACIÓN GENERAL
campo de control de longitud fija 041005s2004 sp a |||| |dspa d
020 ## - NÚMERO INTERNACIONAL ESTÁNDAR DEL LIBRO
Número Internacional Estándar del Libro 84-369-3773-2
080 ## - NÚMERO DE LA CLASIFICACIÓN DECIMAL UNIVERSAL
Número de la Clasificación Decimal Universal 75.056(460)(083.824)
080 ## - NÚMERO DE LA CLASIFICACIÓN DECIMAL UNIVERSAL
Número de la Clasificación Decimal Universal 75.036(460)(083.824)
245 00 - MENCIÓN DEL TÍTULO
Título Veinte ilustradores españoles (1898-1936)
Resto del título : Biblioteca Nacional, Madrid, marzo-mayo 2004 /
Mención de responsabilidad, etc. [Apel.les Mestres ... et al. ; introducción y notas biográficas, Federico Moreno Santabárbara].
260 ## - PUBLICACIÓN, DISTRIBUCIÓN, ETC.
Lugar de publicación, distribución, etc. [Madrid] :
Nombre del editor, distribuidor, etc. Ministerio de Educación, Cultura y Deporte, Subdirección General de Información y Publicaciones,
Fecha de publicación, distribución, etc. [2004]
300 ## - DESCRIPCIÓN FÍSICA
Extensión 199 p. :
Otras características físicas principalmente il. ;
Dimensiones 21 x 26 cm.
500 ## - NOTA GENERAL
Nota general En port.: Dirección General de Bellas Artes y Bienes Culturales, Subdirección General de Promoción de las Bellas Artes.
650 14 - PUNTO DE ACCESO ADICIONAL DE MATERIA--TÉRMINO DE MATERIA
Término de materia o nombre geográfico como elemento de entrada Ilustración de libros-
Subdivisión geográfica España-
Subdivisión cronológica S.XX-
Subdivisión de forma Exposiciones.
9 (RLIN) 13593
650 #4 - PUNTO DE ACCESO ADICIONAL DE MATERIA--TÉRMINO DE MATERIA
Término de materia o nombre geográfico como elemento de entrada Ilustradores-
Subdivisión geográfica España-
Subdivisión cronológica S.XX.
9 (RLIN) 13595
655 #7 - TERMINO DE INDIZACIÓN--GENERO/FORMA
Fuente del término tgfbne
9 (RLIN) 193628
Datos o término principal de género/forma Catálogos de exposiciones
700 1# - ENTRADA AGREGADA--NOMBRE PERSONAL
Nombre de persona Mestres, Apeles,
Fechas asociadas al nombre 1854-1936
9 (RLIN) 140420
700 1# - ENTRADA AGREGADA--NOMBRE PERSONAL
Nombre de persona Moreno Santabárbara, Federico.
9 (RLIN) 83433
710 2# - ENTRADA AGREGADA--NOMBRE DE ENTIDAD CORPORATIVA
Nombre de entidad corporativa o nombre de jurisdicción como elemento de entrada Biblioteca Nacional (España)
9 (RLIN) 2188
852 ## - LOCALIZACIÓN
Ubicación ES-MaACL
Número de control de estantería L-28220
942 ## - ELEMENTOS DE ENTRADA SECUNDARIOS (KOHA)
Fuente del sistema de clasificación o colocación Clasificación decimal universal
Holdings
Estatus retirado Estado de pérdida Estado de daño No para préstamo Biblioteca de origen Biblioteca actual Ubicación en estantería Fecha de adquisición Fuente de adquisición Total de préstamos Signatura topográfica completa Código de barras Visto por última vez Precio de reemplazo Tipo de ítem Koha
        Biblioteca del Ateneo de Madrid Biblioteca del Ateneo de Madrid Depósito 2 17/01/2008     L-28220 1076818 23/02/2023 23/02/2023 Libro impreso